banner-ar

كتاب معجم الشيوخ / (Record no. 54125)

MARC details
000 -الفاتح
حقل البيانات ثابتة الطول 00607nam a2200145Ia 4500
008 - عناصر البيانات ثابتة الطول - معلومات عامة
حقل البيانات ثابتة الطول 140319s9999 xx 000 0 ara d
040 ## - مصدر الفهرسة
وكالة الفهرسة الأصلية GCL /
وكالة النسخ GCL
082 04 - رقم تصنيف ديوى العشرى
رقم التصنيف 920.17
رقم المادة ص م
100 1# - المدخل الرئيسى - إسم شخصى
الإسم الشخصى ابن جميع : ابى الحسين محمد بن احمد بن محمد بن جميع الغسانى الصيداوى
245 10 - بيان العنوان
العنوان كتاب معجم الشيوخ /
بيان المسئوليه,etc ابن جميع : ابى الحسين محمد بن احمد بن محمد بن جميع الغسانى الصيداوى
260 ## - PUBLICATION, DISTRIBUTION, ETC. (IMPRINT)
تاريخ النشر أو التوزيع 1985
300 ## - الوصف المادى
التعداد 550 ص ؛
أبعاد الوعاء 24 سم
490 ## - بيان السلسلة
عنوان السلسلة
260 ## - PUBLICATION, DISTRIBUTION, ETC. (IMPRINT)
-- بيروت :
-- دار الايمان ،
Holdings
حالة التراجع حالة الفقد حالة تلف ليس للاعارة المكان المؤقت الموقع الحالى تاريخ الاكتساب اجمالي اﻻعارات رقم الطلب الباركود تاريخ اخر مشاهدة تاريخ تفعيل السعر نوع وعاء كوها
        مكتبة القاهرة الكبرى مكتبة القاهرة الكبرى 03/26/2014   920.17\ص م 130260 03/26/2014 03/26/2014 كتاب
        مكتبة القاهرة الكبرى مكتبة القاهرة الكبرى 03/26/2014   920.17\ص م 130261 03/26/2014 03/26/2014 كتاب

Powered By

EGPV